| 000 | 00527nam a2200181Ia 4500 | ||
|---|---|---|---|
| 008 | 090124s9999 xx 000 0 und d | ||
| 082 | _b46877 | ||
| 100 | _aघाणेकर प्र. के. | ||
| 245 | _a स्मरणयात्रा | ||
| 250 | _a1 | ||
| 260 | _c2008 | ||
| 300 | _a142 | ||
| 600 | _aघाणेकर प्र. के. | ||
| 630 | _a स्मरणयात्रा | ||
| 700 | _aघाणेकर प्र. के. | ||
| 730 | _a स्मरणयात्रा | ||
| 942 | _cBOOK | ||
| 999 |
_c113101 _d113101 |
||